[Event "Championnat de France des Jeunes - Benja"]
[Site "NIMES"]
[Date "2012.04.17"]
[Round "5.5"]
[White "Banat, Rizlene"]
[Black "Le Berre, Audrey"]
[Result "1-0"]
[WhiteElo "1731"]
[BlackElo "1582"]
[PlyCount "61"]

1. e4 c5 2. Nf3 g6 3. Nc3 Bg7 4. d4 cxd4 5. Nxd4 Nc6 6. Be3 Nf6 7. Be2 d6 8.
Nb3 Rb8 9. f4 Bd7 10. g4 Qc8 11. h3 h6 12. Qd2 Qc7 13. f5 e5 14. Nb5 Qd8 15.
Nxd6+ Kf8 16. Bc5 Kg8 17. Bc4 Be8 18. fxg6 Bf8 19. gxf7+ Bxf7 20. Bxf7+ Kg7 21.
g5 Bxd6 22. gxf6+ Kxf7 23. Qd5+ Kxf6 24. Rf1+ Kg5 25. Bxd6 Rc8 26. Qd2+ Kg6 27.
Rg1+ Kh7 28. Qf2 Qd7 29. O-O-O Qe6 30. Nc5 Qxh3 31. Qf7# 1-0

[Event "Championnat de France des Jeunes - Benja"]
[Site "NIMES"]
[Date "2012.04.18"]
[Round "6.1"]
[White "Baldi, Valentine"]
[Black "Rouffignac, Marie"]
[Result "0-1"]
[WhiteElo "1752"]
[BlackElo "1657"]
[PlyCount "112"]

1. d4 Nf6 2. c4 g6 3. Nc3 d5 4. cxd5 Nxd5 5. Bd2 Bg7 6. e4 Nxc3 7. Bxc3 O-O 8.
Nf3 c5 9. d5 e6 10. Bxg7 Kxg7 11. Bc4 Qb6 12. Qc2 exd5 13. Bxd5 Be6 14. Bxe6
Qxe6 15. O-O b6 16. Rfd1 Nc6 17. a3 Rfe8 18. Re1 f6 19. Rac1 Rac8 20. Nd2 Nd4
21. Qc3 Red8 22. Nc4 Rc7 23. e5 Re7 24. exf6+ Qxf6 25. Rxe7+ Qxe7 26. b4 Kg8
27. Qb2 Ne2+ 28. Kf1 Nxc1 29. Qxc1 cxb4 30. axb4 Qxb4 31. Ne3 Qd4 32. Qa3 Qd3+
33. Qxd3 Rxd3 34. Ke2 Rd8 35. Nc2 Kf7 36. f4 Ke6 37. g4 b5 38. Ke3 a5 39. h4 b4
40. Nd4+ Rxd4 41. Kxd4 b3 42. Kc3 a4 43. Kb2 Kd5 44. Kc3 Ke4 45. f5 gxf5 46. g5
f4 47. h5 Kf5 48. g6 hxg6 49. h6 Kf6 50. Kd3 a3 51. Kc3 b2 52. Kc2 f3 53. h7
Kg7 54. h8=Q+ Kxh8 55. Kb1 f2 56. Ka2 f1=Q 0-1

[Event "Championnat de France des Jeunes - Benja"]
[Site "NIMES"]
[Date "2012.04.18"]
[Round "6.2"]
[White "Malassagne, Isabelle"]
[Black "Duval, Claire"]
[Result "1-0"]
[WhiteElo "1880"]
[BlackElo "1759"]
[PlyCount "119"]

1. d4 Nf6 2. c4 e6 3. Nc3 d5 4. cxd5 exd5 5. Bg5 Nbd7 6. e3 Be7 7. Bd3 O-O 8.
Nge2 c6 9. Qc2 h6 10. Bh4 Re8 11. O-O Nf8 12. f3 Ne6 13. Kh1 c5 14. Rac1 cxd4
15. exd4 Bd7 16. Bf5 Rc8 17. g4 Qc7 18. Qd2 Ne4 19. fxe4 Bxh4 20. Rcd1 Bg5 21.
Nxd5 Qc4 22. b3 Qa6 23. Qb2 Bb5 24. Rf2 Bxe2 25. Rxe2 Rc1 26. Ree1 Rxd1 27.
Rxd1 Rc8 28. a3 Qd6 29. Rf1 Qa6 30. Ra1 Qc6 31. Rf1 Qa6 32. Qf2 Rc2 33. Qg1
Nxd4 34. Nb4 Qxf1 35. Qxf1 Rc1 36. Kg2 Rxf1 37. Kxf1 Nxb3 38. Bc8 Nd2+ 39. Ke2
Nxe4 40. Bxb7 Nc5 41. Bc8 Bd8 42. Na6 Ne4 43. Ke3 Nd6 44. Bd7 Kf8 45. a4 Ke7
46. Bc6 Bb6+ 47. Kf4 Bg1 48. h3 f6 49. Nb4 Bh2+ 50. Kf3 Nf7 51. Bb5 Ne5+ 52.
Kg2 Bf4 53. Nd5+ Ke6 54. Nxf4+ Kf7 55. Ne2 Ke7 56. Nd4 Ng6 57. Nc6+ Kd6 58.
Nxa7 Ne5 59. Nc8+ Kc7 60. Ne7 1-0

[Event "Championnat de France des Jeunes - Benja"]
[Site "NIMES"]
[Date "2012.04.18"]
[Round "6.3"]
[White "Chung, Mathilde"]
[Black "Banat, Rizlene"]
[Result "1-0"]
[WhiteElo "1678"]
[BlackElo "1731"]
[PlyCount "117"]

1. d4 Nf6 2. c4 g6 3. Nc3 d5 4. cxd5 Nxd5 5. Bd2 Bg7 6. e4 Nxc3 7. Bxc3 O-O 8.
Nf3 Bg4 9. Be2 Nd7 10. O-O Nb6 11. h3 Bxf3 12. Bxf3 e6 13. Rc1 Qd7 14. d5 Bxc3
15. bxc3 exd5 16. exd5 Qa4 17. Qxa4 Nxa4 18. d6 cxd6 19. Bxb7 Rab8 20. Bc6 Nc5
21. Rb1 Rfc8 22. Rxb8 Rxb8 23. Rd1 Rd8 24. Rd4 Kg7 25. g3 Kf6 26. Bd5 Ne6 27.
Ra4 Rd7 28. Rb4 Rc7 29. c4 Nc5 30. Kg2 Nd3 31. Rb3 Ne5 32. Ra3 g5 33. Rb3 h6
34. a4 Nc6 35. Rb5 Nd4 36. Rb8 Nc6 37. Rh8 Kg7 38. Re8 Ne5 39. Ra8 Nd7 40. a5
Nc5 41. Kf3 Nb3 42. a6 Nc5 43. Bb7 Nxb7 44. Rxa7 Rxc4 45. Rxb7 Rc6 46. a7 Ra6
47. Ke4 Ra5 48. Rd7 Re5+ 49. Kd4 Ra5 50. Kc4 d5+ 51. Kb4 Ra1 52. Kb5 d4 53. Kb6
Rb1+ 54. Kc7 Ra1 55. Kb8 Rb1+ 56. Rb7 Rxb7+ 57. Kxb7 d3 58. a8=Q d2 59. Qa1+
1-0

[Event "Championnat de France des Jeunes - Benja"]
[Site "NIMES"]
[Date "2012.04.18"]
[Round "6.4"]
[White "Duffaud, Celia"]
[Black "Nicolas, Gabrielle"]
[Result "0-1"]
[WhiteElo "1480"]
[BlackElo "1607"]
[PlyCount "86"]

1. e4 d5 2. exd5 Qxd5 3. Nc3 Qa5 4. Nf3 Nf6 5. Bd3 Nc6 6. O-O Bg4 7. Bb5 Qb6 8.
Bxc6+ Qxc6 9. d4 Bxf3 10. Qxf3 Qxf3 11. gxf3 O-O-O 12. Ne2 g5 13. Kh1 h6 14. c4
Bg7 15. d5 Nd7 16. Nc3 Nb6 17. Re1 Rhe8 18. Rd1 Nxc4 19. Na4 e6 20. Rb1 Rxd5
21. Be3 Red8 22. Rxd5 Rxd5 23. Bxa7 b6 24. Rc1 b5 25. b3 bxa4 26. Rxc4 axb3 27.
axb3 Rd3 28. Bb6 Be5 29. b4 Rxf3 30. Kg2 Rb3 31. Bc5 Kd7 32. h4 Ke8 33. hxg5
hxg5 34. Be3 f6 35. f4 Bd6 36. Bc5 Bxf4 37. Bd4 f5 38. Bc3 Bd6 39. Rc6 Kd7 40.
Rc4 e5 41. Kf2 g4 42. Bd2 g3+ 43. Kg2 Rb2 0-1

[Event "Championnat de France des Jeunes - Benja"]
[Site "NIMES"]
[Date "2012.04.18"]
[Round "6.5"]
[White "Dory, Manon"]
[Black "Auvray, Honorine"]
[Result "0-1"]
[WhiteElo "1665"]
[BlackElo "1799"]
[PlyCount "78"]

1. e4 c5 2. Nf3 d6 3. d4 cxd4 4. Nxd4 Nf6 5. Nc3 Bd7 6. Bg5 e6 7. f3 a6 8. Qd2
h6 9. Be3 b5 10. O-O-O Nc6 11. g4 b4 12. Nce2 Ne5 13. Ng3 d5 14. Bf4 Ng6 15. e5
Nxf4 16. Qxf4 Ng8 17. Bd3 Qa5 18. Kb1 Bb5 19. h4 Ne7 20. Nb3 Qb6 21. Nh5 a5 22.
g5 Bxd3 23. Rxd3 Ng6 24. Qg3 a4 25. Nd4 Bc5 26. Rhd1 O-O-O 27. Qh2 hxg5 28.
hxg5 Ne7 29. f4 g6 30. Qe2 Rxh5 31. b3 Bxd4 32. Rxd4 Nf5 33. R4d3 a3 34. c3
Rdh8 35. R1d2 Rh1+ 36. Kc2 Ra1 37. Rf3 Rxa2+ 38. Kb1 Rxd2 39. Qxd2 Rh1+ 0-1

[Event "Championnat de France des Jeunes - Benja"]
[Site "NIMES"]
[Date "2012.04.19"]
[Round "7.1"]
[White "Nicolas, Gabrielle"]
[Black "Malassagne, Isabelle"]
[Result "0-1"]
[WhiteElo "1607"]
[BlackElo "1880"]
[PlyCount "158"]

1. d4 Nf6 2. Nf3 c5 3. d5 g6 4. c4 b5 5. Qc2 bxc4 6. e4 d6 7. Bxc4 Bg7 8. O-O
O-O 9. h3 Na6 10. Rd1 Nd7 11. Qe2 Nc7 12. Nbd2 Nb6 13. Rb1 Nxc4 14. Nxc4 Ba6
15. Bd2 e5 16. dxe6 fxe6 17. Bg5 Qd7 18. Qc2 d5 19. Nce5 Qd6 20. Nc4 Bxc4 21.
Qxc4 Qc6 22. Qc2 Na6 23. b4 dxe4 24. Nd2 Rab8 25. a3 Rf5 26. Nxe4 Rd5 27. Be3
Bf8 28. Nf6+ Kf7 29. Nxd5 exd5 30. bxc5 Rxb1 31. Rxb1 Ke6 32. Kf1 Bxc5 33. Bxc5
Nxc5 34. Rc1 Kd6 35. Kg1 Qb6 36. Rb1 Qa5 37. Qb2 Kc6 38. Rc1 Qb6 39. Qf6+ Kc7
40. Qg7+ Kc6 41. Qxh7 Kd6 42. Qh4 Ke6 43. Qg4+ Kf7 44. Qf3+ Ke6 45. Rd1 Ne4 46.
Qg4+ Ke5 47. Qf3 Qb2 48. Qf8 Qb3 49. Qe7+ Kf5 50. Qd7+ Ke5 51. Qc7+ Kf5 52.
Qd7+ Ke5 53. Qg7+ Kf5 54. Qa1 Ke6 55. Rb1 Qc2 56. Qb2 Qc5 57. a4 d4 58. Qb3+
Kf6 59. Qb5 d3 60. Qxc5 Nxc5 61. Rd1 Ke5 62. f3 Kd4 63. Kf2 Nxa4 64. Ra1 Nb2
65. Rxa7 Kc3 66. Rc7+ Kd2 67. g4 Nd1+ 68. Kg3 Ke2 69. Kf4 d2 70. Rc3 Kf2 71.
Rc2 Ke2 72. Kg5 Nf2 73. Kxg6 Kd3 74. f4 d1=Q 75. f5 Ne4 76. Kg7 Qxc2 77. f6 Ke3
78. Kh6 Qf2 79. g5 Qh4+ 0-1

[Event "Championnat de France des Jeunes - Benja"]
[Site "NIMES"]
[Date "2012.04.19"]
[Round "7.2"]
[White "Rouffignac, Marie"]
[Black "Chung, Mathilde"]
[Result "1-0"]
[WhiteElo "1657"]
[BlackElo "1678"]
[PlyCount "47"]

1. e4 c5 2. Nf3 Nc6 3. Nc3 Nf6 4. d4 cxd4 5. Nxd4 e5 6. Ndb5 d6 7. Na3 a6 8.
Nc4 b5 9. Ne3 Be7 10. Ned5 Be6 11. Be3 O-O 12. Be2 Nd7 13. a3 f5 14. exf5 Bxf5
15. Nxe7+ Qxe7 16. Qd5+ Kh8 17. Qxc6 Rfc8 18. Qd5 Bxc2 19. Rc1 Nf6 20. Qd2 Bf5
21. O-O Rd8 22. Nd5 Qf7 23. Rfd1 Qg6 24. Ne7 1-0

[Event "Championnat de France des Jeunes - Benja"]
[Site "NIMES"]
[Date "2012.04.19"]
[Round "7.3"]
[White "Auvray, Honorine"]
[Black "Joudelat, Noemie"]
[Result "1-0"]
[WhiteElo "1799"]
[BlackElo "1747"]
[PlyCount "63"]

1. e4 c5 2. Nf3 d6 3. d4 cxd4 4. Nxd4 Nf6 5. Nc3 a6 6. f3 e6 7. Be3 b5 8. Qd2
Nbd7 9. O-O-O Bb7 10. g4 h6 11. h4 b4 12. Na4 Qa5 13. b3 Nc5 14. a3 Nxa4 15.
axb4 Qc7 16. bxa4 d5 17. e5 Nd7 18. f4 Nb6 19. f5 exf5 20. Nxf5 Nxa4 21. Bd4
Rg8 22. g5 hxg5 23. hxg5 O-O-O 24. Re1 g6 25. Nh6 Rh8 26. Bh3+ Kb8 27. e6 Bd6
28. Rhf1 Rhf8 29. Nxf7 Rc8 30. Nxd6 Rxf1 31. Bxf1 Rd8 32. e7 1-0

[Event "Championnat de France des Jeunes - Benja"]
[Site "NIMES"]
[Date "2012.04.19"]
[Round "7.4"]
[White "Sauve, Anne-Charlotte"]
[Black "Susini, Noelia"]
[Result "1-0"]
[WhiteElo "1756"]
[BlackElo "1670"]
[PlyCount "131"]

1. e4 e5 2. Nf3 Nc6 3. Nc3 Nf6 4. d4 exd4 5. Nxd4 Bb4 6. Nxc6 bxc6 7. Bd3 O-O
8. O-O d5 9. exd5 cxd5 10. Bg5 c6 11. Ne2 h6 12. Bh4 Qd6 13. Bg3 Qd8 14. c3 Bd6
15. Nd4 Bxg3 16. hxg3 Qb6 17. Qd2 Re8 18. Rfe1 Bb7 19. Qc2 c5 20. Nf5 c4 21.
Be2 Ne4 22. Nd4 Rac8 23. Bf3 Qf6 24. Rad1 Ng5 25. Bg4 Ra8 26. Nf5 Ne4 27. Ne3
Qg5 28. Qc1 Nf6 29. Bf3 a6 30. Nxc4 Qxc1 31. Rxc1 Red8 32. Na5 Bc8 33. Nc6 Rd7
34. Rcd1 Bb7 35. Na5 Bc8 36. b3 Rb8 37. Nc6 Rbb7 38. c4 Rbc7 39. Ne5 Rd6 40.
Bxd5 Nxd5 41. Rxd5 Re6 42. Rdd1 Rce7 43. Rd8+ Re8 44. Rxe8+ Rxe8 45. Nf3 Rxe1+
46. Nxe1 Kf8 47. Nf3 Ke7 48. Kf1 Kd6 49. Ke2 Kc5 50. a3 Bf5 51. Kd2 Be6 52. Kc3
a5 53. b4+ axb4+ 54. axb4+ Kb6 55. c5+ Kc7 56. b5 Bd5 57. Kd4 Be6 58. Ne5 f6
59. Nc4 g5 60. b6+ Kb7 61. Nd6+ Kc6 62. b7 Kc7 63. c6 h5 64. Kc5 f5 65. Ne8+
Kb8 66. Kb6 1-0

[Event "Championnat de France des Jeunes - Benja"]
[Site "NIMES"]
[Date "2012.04.19"]
[Round "7.5"]
[White "Thomas, Apolline"]
[Black "Baldi, Valentine"]
[Result "0-1"]
[WhiteElo "1641"]
[BlackElo "1752"]
[PlyCount "64"]

1. e4 c6 2. Nf3 d5 3. exd5 cxd5 4. Ne5 Nf6 5. d4 a6 6. Bd3 Nc6 7. c3 g6 8. O-O
Bg7 9. f4 Bf5 10. Be2 O-O 11. g4 Be4 12. h4 Nxe5 13. dxe5 Nd7 14. Nd2 Nc5 15.
Kh2 e6 16. g5 Qc7 17. Nf3 b5 18. Nd4 Rab8 19. a3 Qd7 20. h5 gxh5 21. Bxh5 Rfc8
22. Be2 Qe7 23. Rf2 h6 24. Nf3 Bxf3 25. Bxf3 hxg5 26. Rg2 f6 27. exf6 Qxf6 28.
fxg5 Qe5+ 29. Kg1 Ne4 30. Bxe4 Qxe4 31. Qh5 Qe1+ 32. Kh2 Be5+ 0-1

[Event "Championnat de France des Jeunes - Benja"]
[Site "NIMES"]
[Date "2012.04.20"]
[Round "8.1"]
[White "Malassagne, Isabelle"]
[Black "Auvray, Honorine"]
[Result "1-0"]
[WhiteElo "1880"]
[BlackElo "1799"]
[PlyCount "139"]

1. d4 Nf6 2. c4 c5 3. d5 d6 4. Nc3 g6 5. e4 Bg7 6. f4 e5 7. fxe5 dxe5 8. Nf3
O-O 9. Be2 Ne8 10. Bg5 f6 11. Bh4 g5 12. Bf2 b6 13. Qd2 Nd6 14. h3 h5 15. g4
Bd7 16. gxh5 Be8 17. h4 g4 18. h6 gxf3 19. hxg7 Rf7 20. Bxf3 Nxc4 21. Qe2 Nd6
22. O-O-O a5 23. h5 Rxg7 24. h6 Rh7 25. Rdg1+ Kh8 26. Be3 Bf7 27. Rh3 Na6 28.
Qg2 Qf8 29. Ne2 Nc4 30. Qg7+ Qxg7 31. hxg7+ Kg8 32. Bh6 Nc7 33. Ng3 Nd6 34. Bg4
Bg6 35. Nh5 Nxe4 36. Bf3 Rxh6 37. Nxf6+ Nxf6 38. Rxh6 Kf7 39. Rhxg6 Rg8 40. Bd1
Nce8 41. Bb3 Rxg7 42. d6+ Kf8 43. Rxg7 Nxg7 44. Rf1 Ngh5 45. Bd1 Nf4 46. Ba4
Kf7 47. Kc2 Ke6 48. Rd1 Nd7 49. Bb3+ Kf6 50. Rh1 Ng6 51. Rh7 Ngf8 52. Rf7+ Kg6
53. Kd2 b5 54. Rf1 Nf6 55. Rg1+ Kf5 56. Rf1+ Kg6 57. Re1 N8d7 58. Be6 Kg7 59.
Rg1+ Kf8 60. Rh1 Kg7 61. Rf1 b4 62. Rxf6 Nxf6 63. d7 Nxd7 64. Bxd7 Kf7 65. Ke3
Ke7 66. Bb5 Ke6 67. Ke4 Kd6 68. b3 Ke6 69. Bc4+ Kd6 70. Bg8 1-0

[Event "Championnat de France des Jeunes - Benja"]
[Site "NIMES"]
[Date "2012.04.20"]
[Round "8.2"]
[White "Quelennec, Amelie"]
[Black "Rouffignac, Marie"]
[Result "0-1"]
[WhiteElo "1605"]
[BlackElo "1657"]
[PlyCount "68"]

1. b3 e5 2. Bb2 Nc6 3. e3 Nf6 4. Bb5 Bd6 5. Nf3 e4 6. Nd4 Nxd4 7. Bxd4 c6 8.
Be2 O-O 9. O-O Bc7 10. f4 Re8 11. c4 d5 12. cxd5 Nxd5 13. Nc3 Bb6 14. Bxb6 Qxb6
15. Na4 Qc7 16. Rc1 Qe7 17. Nc5 f5 18. a3 b6 19. Na4 Bb7 20. Bc4 Kh8 21. Bxd5
cxd5 22. b4 Ba6 23. Rf2 Rac8 24. Nc3 Bc4 25. Qc2 Red8 26. Ne2 Qd7 27. Nd4 Bd3
28. Qb2 Rxc1+ 29. Qxc1 Rc8 30. Qb2 Qc7 31. Ne2 Qc2 32. Qxc2 Rxc2 33. Nc3 Rc1+
34. Rf1 Rxf1# 0-1

[Event "Championnat de France des Jeunes - Benja"]
[Site "NIMES"]
[Date "2012.04.20"]
[Round "8.3"]
[White "Baldi, Valentine"]
[Black "Sauve, Anne-Charlotte"]
[Result "1-0"]
[WhiteElo "1752"]
[BlackElo "1756"]
[PlyCount "73"]

1. d4 d5 2. c4 e6 3. Nc3 Nf6 4. Nf3 Be7 5. e3 O-O 6. Bd3 b6 7. O-O Bb7 8. Qe2
c5 9. Rd1 Nc6 10. a3 Na5 11. cxd5 Nxd5 12. e4 Nb3 13. exd5 Nxa1 14. Qe4 g6 15.
Bc4 b5 16. Bh6 bxc4 17. Bxf8 Bxf8 18. Rxa1 exd5 19. Qf4 cxd4 20. Nxd4 Bg7 21.
Rd1 Qb6 22. Rd2 Re8 23. g3 Qd8 24. Rd1 Be5 25. Qd2 Qf6 26. Re1 Kg7 27. Rd1 h5
28. h4 Qb6 29. Re1 Bf4 30. gxf4 Rxe1+ 31. Qxe1 Qxd4 32. Qe3 Qd3 33. Qe5+ Kh7
34. Qe7 Bc6 35. Qxf7+ Kh6 36. Qf6 Ba4 37. Qh8# 1-0

[Event "Championnat de France des Jeunes - Benja"]
[Site "NIMES"]
[Date "2012.04.20"]
[Round "8.4"]
[White "Duval, Claire"]
[Black "Aubert, Laurane"]
[Result "1-0"]
[WhiteElo "1759"]
[BlackElo "1656"]
[PlyCount "169"]

1. d4 Nf6 2. c4 c5 3. d5 b5 4. cxb5 a6 5. bxa6 Bxa6 6. Nf3 g6 7. g3 Bg7 8. Bg2
d6 9. O-O O-O 10. Nc3 Nbd7 11. Rb1 Ra7 12. Qc2 Qa8 13. b3 Bb7 14. a4 Nxd5 15.
Nb5 Nb4 16. Qd2 Ra5 17. Bb2 Nf6 18. Ne1 Qc8 19. Bxb7 Qxb7 20. Nd3 Nc6 21. Rfd1
Raa8 22. Qc2 Na7 23. Nxa7 Rxa7 24. Nc1 Rc8 25. Na2 Qa6 26. Nc3 Rb7 27. Nb5 Rb6
28. Rd2 Rbc6 29. Bxf6 Bxf6 30. Qc4 Rd8 31. Rbd1 Qb7 32. Rd3 Rcc8 33. Rd5 Qd7
34. Qf4 Bg7 35. R1d3 Qe6 36. Qf3 Bh6 37. Na3 Rb8 38. Nc4 Rb4 39. Rxc5 Rxb3 40.
Rc7 Rb1+ 41. Kg2 Re1 42. Ne3 Rc8 43. Rxc8+ Qxc8 44. Nd5 Qe6 45. e4 Ra1 46. Rd4
Qd7 47. Qb3 Qa7 48. Rb4 e6 49. Rb8+ Bf8 50. Nf6+ Kg7 51. Nd7 Qxa4 52. Qxa4 Rxa4
53. Rxf8 Rxe4 54. Rg8+ Kxg8 55. Nf6+ Kg7 56. Nxe4 d5 57. Nd2 Kf6 58. Kf3 Ke5
59. Ke3 f6 60. Nf3+ Kd6 61. Nd4 e5 62. Ne2 Kc5 63. Kd3 f5 64. f4 e4+ 65. Ke3
Kc4 66. Nd4 Kc3 67. Ne6 h6 68. h4 Kc4 69. h5 gxh5 70. Nd4 Kc3 71. Nxf5 Kc4 72.
Nd4 Kc5 73. f5 Kd6 74. Kf4 Ke7 75. Ke5 e3 76. Kxd5 Kf6 77. Ke4 Kg5 78. Kxe3 h4
79. gxh4+ Kxh4 80. f6 Kg4 81. f7 h5 82. f8=Q h4 83. Qf3+ Kg5 84. Ne6+ Kg6 85.
Qg4+ 1-0

[Event "Championnat de France des Jeunes - Benja"]
[Site "NIMES"]
[Date "2012.04.20"]
[Round "8.5"]
[White "Banat, Rizlene"]
[Black "Nicolas, Gabrielle"]
[Result "1-0"]
[WhiteElo "1731"]
[BlackElo "1607"]
[PlyCount "79"]

1. e4 d5 2. exd5 Qxd5 3. Nc3 Qa5 4. d4 Nf6 5. Bd2 c6 6. Bd3 Nbd7 7. Nge2 e6 8.
O-O Qc7 9. Bf4 Bd6 10. Bxd6 Qxd6 11. h3 O-O 12. Ng3 b6 13. Qf3 Bb7 14. Rad1 Qc7
15. Qe2 c5 16. Be4 Rfd8 17. d5 Nxe4 18. Ngxe4 Qe5 19. f4 Qf5 20. Nd6 Ba6 21.
Qxa6 Qxc2 22. dxe6 fxe6 23. Nb7 Qxb2 24. Nxd8 Rxd8 25. Qc4 Kf8 26. Rf2 Qb4 27.
Qxb4 cxb4 28. Nb5 a5 29. Rfd2 Ke7 30. Rd6 a4 31. Na7 Ke8 32. Rxe6+ Kf7 33. f5
b3 34. axb3 axb3 35. Nc6 Ra8 36. Rxd7+ Kf8 37. Rd8+ Rxd8 38. Nxd8 b5 39. Rb6
Ke7 40. Nb7 1-0

[Event "Championnat de France des Jeunes - Benja"]
[Site "NIMES"]
[Date "2012.04.21"]
[Round "9.1"]
[White "Baldi, Valentine"]
[Black "Malassagne, Isabelle"]
[Result "0-1"]
[WhiteElo "1752"]
[BlackElo "1880"]
[PlyCount "58"]

1. d4 Nf6 2. c4 c5 3. d5 b5 4. a4 bxc4 5. Nc3 d6 6. e4 g6 7. Bxc4 Bg7 8. f4 O-O
9. Nf3 Na6 10. O-O Rb8 11. Qe2 Nb4 12. h3 Nd7 13. a5 a6 14. e5 Qc7 15. e6 fxe6
16. Qxe6+ Rf7 17. Qe2 Nf6 18. Ng5 Rf8 19. Ra3 Qb7 20. Rd1 Bf5 21. Ne6 Rfe8 22.
Nxg7 Kxg7 23. g4 Bc8 24. Be3 Qd7 25. Raa1 Bb7 26. Qd2 Rbd8 27. Rf1 e6 28. dxe6
Qc6 29. Be2 Qg2# 0-1

[Event "Championnat de France des Jeunes - Benja"]
[Site "NIMES"]
[Date "2012.04.21"]
[Round "9.2"]
[White "Rouffignac, Marie"]
[Black "Banat, Rizlene"]
[Result "0-1"]
[WhiteElo "1657"]
[BlackElo "1731"]
[PlyCount "40"]

1. e4 c5 2. Nf3 d6 3. Nc3 Nf6 4. d4 cxd4 5. Nxd4 e6 6. f4 a6 7. Be3 Qc7 8. Bd3
Bd7 9. O-O Be7 10. Qf3 O-O 11. Qg3 Nc6 12. a3 Rfe8 13. f5 g6 14. Rf2 Ne5 15.
fxg6 fxg6 16. Raf1 Nfg4 17. Re2 Nxe3 18. Rxe3 Rf8 19. Kh1 Nxd3 20. Rxf8+ Rxf8
0-1

[Event "Championnat de France des Jeunes - Benja"]
[Site "NIMES"]
[Date "2012.04.21"]
[Round "9.3"]
[White "Chung, Mathilde"]
[Black "Duval, Claire"]
[Result "1-0"]
[WhiteElo "1678"]
[BlackElo "1759"]
[PlyCount "133"]

1. d4 Nf6 2. c4 e6 3. Nc3 d5 4. Nf3 Be7 5. Bf4 c6 6. e3 Nbd7 7. c5 b6 8. b4 Bb7
9. Bd3 O-O 10. h3 a5 11. a3 Ba6 12. Bxa6 Rxa6 13. Rc1 axb4 14. axb4 bxc5 15.
bxc5 Qa5 16. O-O Rfa8 17. Qb3 Qd8 18. Qb2 R8a7 19. Ra1 Qa8 20. Rxa6 Rxa6 21.
Nd2 Bd8 22. Nb3 Qb7 23. Qc2 Ra3 24. Rb1 Qa6 25. Qb2 Kf8 26. Ra1 Rxa1+ 27. Qxa1
Qb7 28. Qa4 Ke8 29. Na2 Bc7 30. Bxc7 Qxc7 31. Nb4 Nb8 32. Na5 Kd7 33. Nd3 Qa7
34. Ne5+ Ke8 35. Nexc6 Qd7 36. Qb5 Nxc6 37. Qxc6 Ne4 38. Qxd7+ Kxd7 39. f3 Ng3
40. Kf2 Nf5 41. Nb3 Ne7 42. Nc1 Nc6 43. Nd3 f6 44. g4 e5 45. dxe5 fxe5 46. f4
e4 47. Ne5+ Kc7 48. Ke2 Na5 49. f5 Nb7 50. c6 Nd8 51. Kd2 Nxc6 52. Nxc6 Kxc6
53. Kc3 Kc5 54. g5 d4+ 55. exd4+ Kd5 56. h4 Kd6 57. Kd2 Ke7 58. Ke3 h6 59. Kxe4
hxg5 60. hxg5 Kd6 61. g6 Kd7 62. Ke5 Ke7 63. d5 Kd7 64. d6 Kd8 65. Ke6 Ke8 66.
d7+ Kd8 67. Kf7 1-0

[Event "Championnat de France des Jeunes - Benja"]
[Site "NIMES"]
[Date "2012.04.21"]
[Round "9.4"]
[White "Auvray, Honorine"]
[Black "Thomas, Apolline"]
[Result "0-1"]
[WhiteElo "1799"]
[BlackElo "1641"]
[PlyCount "72"]

1. e4 e5 2. Nf3 Nc6 3. Bb5 a6 4. Ba4 Nf6 5. O-O b5 6. Bb3 Bc5 7. c3 d6 8. d4
Bb6 9. h3 O-O 10. Bg5 h6 11. Bh4 Re8 12. Re1 Bb7 13. d5 Nb8 14. Nh2 g5 15. Bg3
Nbd7 16. Nd2 Nf8 17. h4 Ng6 18. hxg5 hxg5 19. Ndf1 Bc8 20. Ne3 Nxe4 21. Bc2
Nxg3 22. fxg3 f5 23. Kh1 Bxe3 24. Rxe3 Kg7 25. a4 bxa4 26. Rxa4 Rh8 27. b4 Bd7
28. Ra2 Rh6 29. Bd3 Qh8 30. Qg1 g4 31. Rf2 f4 32. gxf4 exf4 33. Bxg6 fxe3 34.
Rf7+ Kxg6 35. Rxd7 Rf8 36. Re7 Rxh2+ 0-1

[Event "Championnat de France des Jeunes - Benja"]
[Site "NIMES"]
[Date "2012.04.21"]
[Round "9.5"]
[White "Sauve, Anne-Charlotte"]
[Black "Quelennec, Amelie"]
[Result "1-0"]
[WhiteElo "1756"]
[BlackElo "1605"]
[PlyCount "93"]

1. e4 g6 2. d4 Bg7 3. Nf3 c5 4. c3 cxd4 5. cxd4 Nf6 6. Nc3 d6 7. Be2 O-O 8. O-O
Bg4 9. h3 Bxf3 10. Bxf3 Nc6 11. Be3 Rc8 12. Rc1 Nd7 13. Ne2 Kh8 14. Qd2 f5 15.
Bh6 fxe4 16. Bxg7+ Kxg7 17. Bxe4 Nf6 18. Bb1 Qb6 19. Nf4 Kf7 20. d5 Ne5 21. Ne6
Rg8 22. Qh6 Rxc1 23. Rxc1 Qxb2 24. Re1 Qc3 25. Rc1 Qa5 26. Ng5+ Ke8 27. Nxh7
Qxd5 28. Nxf6+ exf6 29. f4 Nc6 30. Bxg6+ Kd8 31. f5 Ne7 32. Qh7 Qd4+ 33. Kh1
Qd2 34. Ra1 Qc2 35. Re1 Qc7 36. Rxe7 Qc1+ 37. Kh2 Qf4+ 38. Kg1 Qc1+ 39. Kf2
Qf4+ 40. Ke2 Qc4+ 41. Kf3 Qf1+ 42. Kg3 Qd3+ 43. Kh4 Qd4+ 44. g4 Qf2+ 45. Kh5
Rf8 46. Qg7 Qf3 47. Qxf8# 1-0